Geography Quiz

Random Geography or State Quiz

Blitz: US State Borders Quiz Stats

 Plays Quiz Updated Jun 12, 2018

Challenge
Share
Tweet
Embed
Score 0/9 Timer 02:00
1 Play Today
States Bordered States % Correct
0Alaska, Hawaii
99.2%
2Rhode Island, South Carolina, Washington, Florida
92.9%
1Maine
91.9%
3California, Connecticut, Delaware, Louisiana, Michigan, New Hampshire, New Jersey, North Dakota, Vermont
90%
4Alabama, Maryland, Indiana, Kansas, Minnesota, Mississippi, Montana, North Carolina, Oregon, Texas, Wisconsin
87.5%
5Georgia, Illinois, Massachusetts, Nevada, New York, Ohio, West Virginia, New Mexico, Arizona, Virginia
83.1%
6Arkansas, Utah, Idaho, Iowa, Nebraska, Oklahoma, Pennsylvania, South Dakota, Wyoming
70.6%
7Kentucky, Colorado
48.7%
8Missouri, Tennessee
42.9%

You're not logged in!

Compare scores with friends on all Sporcle quizzes.
Join for Free
OR
Log In

You Might Also Like...

Show Comments

Extras

Top Quizzes Today


Score Distribution

Your Account Isn't Verified!

In order to create a playlist on Sporcle, you need to verify the email address you used during registration. Go to your Sporcle Settings to finish the process.

Report this User

Report this user for behavior that violates our Community Guidelines.

Details: